[Event "4NCL/Div4a/HKFC vs. RICB"]
[Site "Telford ENG"]
[Date "2005.01.15"]
[Round "3.6"]
[White "Glover, Robert E"]
[Black "Bullock, Andrew"]
[Result "0-1"]
[WhiteElo "1755"]
[BlackElo "1985"]
[PlyCount "128"]
[EventDate "2005.01.15"]
[SourceDate "2004.09.21"]

1. e4 c5 2. Nf3 g6 3. Bc4 Bg7 4. O-O Nf6 5. e5 Ng4 6. Re1 Nc6 7. Bxf7+ Kxf7 8.
Ng5+ Kg8 9. Qxg4 Nxe5 10. Qf4 Qf8 11. d4 cxd4 12. Rxe5 Bxe5 13. Qxe5 Qf6 14.
Qxf6 exf6 15. Nf3 Kf7 16. Nxd4 d5 17. Nc3 Re8 18. Be3 Be6 19. Ndb5 Red8 20.
Bxa7 Rac8 21. Bb6 Rd7 22. Rd1 Rc6 23. Be3 Ra6 24. a3 Rc6 25. Nd4 Rc4 26. Re1 h5
27. Ncb5 Bf5 28. b3 Rc8 29. Bf4 Rcd8 30. Nd6+ Rxd6 31. Bxd6 Rxd6 32. Nxf5 gxf5
33. f4 d4 34. Rd1 Ke6 35. Kf2 Rc6 36. Rd2 Rc3 37. Ke2 Kd5 38. Kf2 Ke4 39. a4 h4
40. Re2+ Kxf4 41. Rd2 Ke4 42. Re2+ Kd5 43. Ke1 f4 44. Kd2 h3 45. a5 hxg2 46.
Rxg2 Rh3 47. Rf2 Ke4 48. b4 Rh5 49. Ke2 Rb5 50. h4 Rxb4 51. h5 Rc4 52. Kd2 Rc7
53. h6 Rh7 54. Rh2 Kf3 55. Kd3 Kg3 56. Rh5 f3 57. Kxd4 f2 58. Rf5 Rxh6 59. Ke3
Rh5 60. Rxf6 Re5+ 61. Kd2 Rxa5 62. Ke2 Re5+ 63. Kd2 Re1 64. Rg6+ Kh4 0-1

[Event "4NCL/Div4a/CAMB2 vs. SLOS4"]
[Site "Telford ENG"]
[Date "2005.01.15"]
[Round "3.1"]
[White "Campbell, Mark"]
[Black "Roberson, Peter T"]
[Result "1/2-1/2"]
[WhiteElo "2030"]
[BlackElo "2117"]
[PlyCount "110"]
[EventDate "2005.01.15"]
[SourceDate "2004.09.21"]

1. e4 c6 2. d4 d5 3. e5 Bf5 4. Be2 e6 5. Nf3 Ne7 6. O-O c5 7. c3 Nbc6 8. b3 Qb6
9. Be3 Bg4 10. Nbd2 Nf5 11. h3 Bh5 12. g4 cxd4 13. cxd4 Nxe3 14. fxe3 Bg6 15.
Nh4 Bb4 16. Nxg6 hxg6 17. Kg2 Rc8 18. a3 Be7 19. b4 Bg5 20. Qb3 a5 21. Nf3 Be7
22. b5 Na7 23. Rfc1 Kd7 24. Bd3 Rxc1 25. Rxc1 Rc8 26. Rxc8 Kxc8 27. Qb2 Kb8 28.
Nd2 Bg5 29. Kf3 Nc8 30. Qc3 Qc7 31. Qxc7+ Kxc7 32. Nb3 Be7 33. Nxa5 Bxa3 34.
Nb3 Kb6 35. e4 Na7 36. exd5 exd5 37. e6 fxe6 38. Bxg6 Nxb5 39. Bf7 Nc7 40. Kf4
Kb5 41. Ke5 Kc4 42. Na5+ Kd3 43. Nxb7 Ke3 44. Nd8 Be7 45. Nxe6 Bf6+ 46. Kf5
Nxe6 47. Bxe6 Bxd4 48. Bxd5 Bc3 49. g5 Kd4 50. Bb3 Kc5 51. Ke6 Kc6 52. h4 Kc7
53. h5 Kd8 54. Kf7 Bb2 55. Ba4 Bc3 1/2-1/2

[Event "4NCL/Div4a/CAMB2 vs. SLOS4"]
[Site "Telford ENG"]
[Date "2005.01.15"]
[Round "3.2"]
[White "de Coverly, Roger"]
[Black "Gallagher, Ian G"]
[Result "1-0"]
[WhiteElo "2093"]
[BlackElo "1985"]
[PlyCount "119"]
[EventDate "2005.01.15"]
[SourceDate "2004.09.21"]

1. Nf3 Nf6 2. g3 d5 3. Bg2 Nbd7 4. c4 dxc4 5. Na3 e5 6. Nxc4 Bc5 7. O-O Qe7 8.
d4 exd4 9. Nxd4 Ne5 10. Nxe5 Qxe5 11. Nb3 Bb6 12. Nd2 Qh5 13. e4 Qxd1 14. Rxd1
Be6 15. Nf1 Ng4 16. Rd2 Rd8 17. Rc2 Ne5 18. Be3 Bxe3 19. Nxe3 c6 20. h3 f6 21.
f4 Nd7 22. Nc4 Nb6 23. Na5 Rd7 24. b4 Ke7 25. Re1 Rhd8 26. f5 Rd1 27. Rxd1
Rxd1+ 28. Kf2 Bc8 29. Nb3 Nd7 30. Bf3 Rd6 31. Be2 Ne5 32. Ke3 b6 33. a4 Bd7 34.
a5 Be8 35. axb6 axb6 36. Nd2 Bf7 37. Nc4 Nxc4+ 38. Bxc4 Bxc4 39. Rxc4 Kd7 40.
Rc1 Kc7 41. g4 Rd8 42. Ra1 Kb7 43. h4 h6 44. g5 hxg5 45. hxg5 Rd7 46. Rg1 Ka6
47. gxf6 gxf6 48. Rg6 Rf7 49. e5 fxe5 50. Ke4 Kb5 51. Kxe5 Kxb4 52. Rxc6 b5 53.
Ke6 Rh7 54. f6 Ka3 55. f7 Rxf7 56. Kxf7 b4 57. Ra6+ Kb2 58. Ke6 b3 59. Kd5 Kc1
60. Rc6+ 1-0

[Event "4NCL/Div4a/CAMB2 vs. SLOS4"]
[Site "Telford ENG"]
[Date "2005.01.15"]
[Round "3.3"]
[White "Kreuzer, Christopher"]
[Black "Jeffries, Majid"]
[Result "0-1"]
[WhiteElo "1955"]
[BlackElo "2024"]
[PlyCount "82"]
[EventDate "2005.01.15"]
[SourceDate "2004.09.21"]

1. e4 c5 2. Nf3 d6 3. d4 cxd4 4. Nxd4 Nf6 5. Nc3 Nc6 6. Be2 e6 7. Be3 Bd7 8.
O-O a6 9. a4 Qc7 10. Nb3 b6 11. Qd2 Nb4 12. f4 Bc6 13. Bf3 Rb8 14. Ne2 d5 15.
e5 Ne4 16. Bxe4 dxe4 17. Nc3 Be7 18. Qf2 O-O 19. Rad1 Nd5 20. Nxd5 Bxd5 21. Nd4
f6 22. Qg3 f5 23. c4 Qxc4 24. Rc1 Qxa4 25. Rc7 Rf7 26. Rfc1 Qe8 27. Nc6 Bxc6
28. R7xc6 Bd8 29. Qf2 Rfb7 30. Qe2 Ra8 31. Qc4 Kf7 32. Rd1 b5 33. Qc2 Rd7 34.
Rdd6 Rxd6 35. exd6 Qd7 36. Qc5 Ke8 37. Bd4 Kf7 38. Be5 Qa7 39. Bd4 Qxc5 40.
Bxc5 Ke8 41. b4 Kd7 0-1

[Event "4NCL/Div4a/CAMB2 vs. SLOS4"]
[Site "Telford ENG"]
[Date "2005.01.15"]
[Round "3.4"]
[White "Blackie, Neville"]
[Black "Spencer, Carl"]
[Result "0-1"]
[WhiteElo "2020"]
[BlackElo "1855"]
[PlyCount "52"]
[EventDate "2005.01.15"]
[SourceDate "2004.09.21"]

1. e4 e6 2. d4 d5 3. Nc3 Nf6 4. Bg5 Bb4 5. e5 h6 6. Bd2 Bxc3 7. bxc3 Ne4 8. Qg4
g6 9. h4 c5 10. Bd3 Nxd2 11. Kxd2 Nc6 12. Rh3 Qa5 13. Bxg6 Nxd4 14. Qh5 Rf8 15.
Bh7 Bd7 16. Qxh6 O-O-O 17. Kd1 Nb5 18. Ne2 d4 19. cxd4 Bc6 20. Rd3 c4 21. Rd2
Bxg2 22. Qf4 Bf1 23. Ng3 c3 24. Be4 cxd2 25. Nxf1 Rxd4 26. Nxd2 Rfd8 0-1

[Event "4NCL/Div4a/CAMB2 vs. SLOS4"]
[Site "Telford ENG"]
[Date "2005.01.15"]
[Round "3.5"]
[White "Kapadia, Sujit"]
[Black "Makepeace, Philip J"]
[Result "0-1"]
[WhiteElo "1835"]
[BlackElo "2015"]
[PlyCount "60"]
[EventDate "2005.01.15"]
[SourceDate "2004.09.21"]

1. d4 Nf6 2. c4 c5 3. d5 b5 4. cxb5 a6 5. bxa6 Bxa6 6. Nf3 d6 7. g3 Nbd7 8. Bg2
g6 9. O-O Bg7 10. Nc3 O-O 11. Re1 Ra7 12. e4 Ng4 13. Bf4 Nge5 14. Nxe5 Nxe5 15.
Bxe5 Bxe5 16. Qc2 Qa5 17. a3 Rb8 18. b4 cxb4 19. axb4 Qc7 20. Ra3 Bc4 21. Rxa7
Qxa7 22. b5 Qa3 23. Ne2 Bd3 24. Qc7 Rxb5 25. Nf4 Bxf4 26. gxf4 Qb4 27. Rc1 Rc5
28. Qd8+ Kg7 29. Ra1 Qb2 30. Qa8 Rc1+ 0-1

[Event "4NCL/Div4a/CAMB2 vs. SLOS4"]
[Site "Telford ENG"]
[Date "2005.01.15"]
[Round "3.6"]
[White "Coddington, Oliver"]
[Black "Brown, Aiden T"]
[Result "1-0"]
[WhiteElo "1962"]
[BlackElo "1715"]
[PlyCount "51"]
[EventDate "2005.01.15"]
[SourceDate "2004.09.21"]

1. d4 Nf6 2. Nf3 e6 3. g3 b6 4. Bg2 Bb7 5. O-O Nc6 6. b3 Bd6 7. Bb2 O-O 8. Nbd2
Re8 9. e4 e5 10. d5 Nb8 11. Nc4 Nxe4 12. Nh4 Nf6 13. Nxd6 cxd6 14. Nf5 Qc7 15.
Ba3 e4 16. c4 Na6 17. Nxd6 Re5 18. Qd4 Rh5 19. Rfe1 Nc5 20. Nxb7 Qxb7 21. Bxc5
bxc5 22. Qxc5 Re8 23. Re3 Ng4 24. Rxe4 Rxe4 25. Bxe4 Rxh2 26. Bf3 1-0

[Event "4NCL/Div4a/GLOSG vs. OXF2"]
[Site "Telford ENG"]
[Date "2005.01.15"]
[Round "3.1"]
[White "Hosken, Nigel"]
[Black "Milovanovic, Aleksander"]
[Result "0-1"]
[WhiteElo "2205"]
[BlackElo "2155"]
[PlyCount "80"]
[EventDate "2005.01.15"]
[SourceDate "2004.09.21"]

1. d4 d5 2. c4 e6 3. Nc3 c5 4. cxd5 exd5 5. Nf3 Nc6 6. g3 Nf6 7. Bg2 Be7 8. O-O
O-O 9. h3 c4 10. Ne5 Be6 11. e4 Nxe5 12. dxe5 Nxe4 13. Nxe4 dxe4 14. Bxe4 Qc7
15. Qe2 Rad8 16. f4 Bd5 17. Bc2 f5 18. g4 Be6 19. Be3 c3 20. bxc3 Qxc3 21. Rac1
Bc5 22. Bxc5 Qxc5+ 23. Rf2 Qa3 24. Rb1 Qxh3 25. gxf5 Bxf5 26. Rxb7 Rc8 27. Bxf5
Rxf5 28. Qd2 Rh5 29. Rg2 Qh1+ 30. Kf2 Qh4+ 31. Kg1 Rc1+ 32. Qxc1 Qh1+ 33. Kf2
Qxc1 34. Rgxg7+ Kf8 35. Rbf7+ Ke8 36. Re7+ Kd8 37. Rxa7 Qxf4+ 38. Ke2 Rh2+ 39.
Kd3 Rd2+ 40. Kc3 Qd4+ 0-1

[Event "4NCL/Div4a/GLOSG vs. OXF2"]
[Site "Telford ENG"]
[Date "2005.01.15"]
[Round "3.2"]
[White "Webster, Ian"]
[Black "White, Michael J R"]
[Result "1/2-1/2"]
[WhiteElo "2116"]
[BlackElo "2166"]
[PlyCount "63"]
[EventDate "2005.01.15"]
[SourceDate "2004.09.21"]

1. e4 e5 2. d4 exd4 3. c3 dxc3 4. Bc4 cxb2 5. Bxb2 d5 6. Bxd5 Nf6 7. Bxf7+ Kxf7
8. Qxd8 Bb4+ 9. Qd2 Bxd2+ 10. Nxd2 Re8 11. Ngf3 Nc6 12. O-O Bg4 13. Rfe1 Rad8
14. Re3 a5 15. Rb3 Bc8 16. Re1 h6 17. h3 Nb4 18. Nc4 Rxe4 19. Nfe5+ Kg8 20.
Rxe4 Nxe4 21. Nxa5 Nxa2 22. Nxb7 Rd1+ 23. Kh2 Nd2 24. Rb5 Nf1+ 25. Kg1 Nd2+ 26.
Kh2 c6 27. Rb6 Nf1+ 28. Kg1 Nd2+ 29. Kh2 Nf1+ 30. Kg1 Ne3+ 31. Kh2 Nf1+ 32. Kg1
1/2-1/2

[Event "4NCL/Div4a/GLOSG vs. OXF2"]
[Site "Telford ENG"]
[Date "2005.01.15"]
[Round "3.3"]
[White "Bolt, Graham"]
[Black "Duggan, Chris"]
[Result "1-0"]
[WhiteElo "2114"]
[BlackElo "2114"]
[PlyCount "69"]
[EventDate "2005.01.15"]
[SourceDate "2004.09.21"]

1. e4 c5 2. Nf3 Nc6 3. d4 cxd4 4. Nxd4 e5 5. Nb5 a6 6. N5c3 Bc5 7. g3 Qf6 8.
Be3 Bxe3 9. fxe3 Nge7 10. Bg2 d6 11. Nd2 b5 12. Qe2 O-O 13. O-O-O Be6 14. Nd5
Qg6 15. Nxe7+ Nxe7 16. Kb1 Rfc8 17. Bf3 Nc6 18. c3 Na5 19. h4 Bc4 20. Nxc4 Nxc4
21. g4 Rab8 22. g5 Rc7 23. Qd3 Qe6 24. Rh2 Rd8 25. Rg1 Qc8 26. h5 Qb7 27. g6 b4
28. gxf7+ Kxf7 29. Bg4 bxc3 30. Rf2+ Ke8 31. Qxc3 Qxe4+ 32. Ka1 Rb8 33. Rgf1
Rxb2 34. Rf8+ Ke7 35. R1f7# 1-0

[Event "4NCL/Div4a/GLOSG vs. OXF2"]
[Site "Telford ENG"]
[Date "2005.01.15"]
[Round "3.4"]
[White "Bruce, Dave"]
[Black "Dodwell, Phil"]
[Result "0-1"]
[WhiteElo "2075"]
[BlackElo "2100"]
[PlyCount "102"]
[EventDate "2005.01.15"]
[SourceDate "2004.09.21"]

1. e4 e5 2. Nf3 Nc6 3. Bc4 Nf6 4. d3 Be7 5. O-O O-O 6. Bb3 d6 7. c3 Na5 8. Bc2
c5 9. Nbd2 Nc6 10. Re1 Kh8 11. h3 Ne8 12. Nf1 f5 13. exf5 Bxf5 14. Ng3 Bg6 15.
Be3 Rc8 16. Bb3 Nc7 17. a3 Bf6 18. Ne4 Bh5 19. g4 Bg6 20. Ng3 Be7 21. Kg2 b6
22. h4 d5 23. Bg5 Bxg5 24. Nxg5 Qf6 25. Qf3 Qd6 26. Nf5 Qd7 27. Re3 Bxf5 28.
gxf5 Rxf5 29. Qh5 g6 30. Qh6 Qg7 31. Qxg7+ Kxg7 32. Rae1 Rcf8 33. f3 h6 34. Nh3
d4 35. Re4 Rxf3 36. Rg4 h5 37. Rg3 Rxg3+ 38. Kxg3 Rf5 39. Ng5 Kf6 40. Bg8 Ne7
41. Bb3 Rf4 42. Nh7+ Kf5 43. Nf8 Rg4+ 44. Kh3 Ned5 45. Nd7 Nf4+ 46. Kh2 Rxh4+
47. Kg1 Rg4+ 48. Kh1 Nxd3 49. Bc2 e4 50. Bxd3 exd3 51. Re5+ Kf4 0-1

[Event "4NCL/Div4a/GLOSG vs. OXF2"]
[Site "Telford ENG"]
[Date "2005.01.15"]
[Round "3.5"]
[White "Gilmour, Andrew J"]
[Black "Terry, Sean"]
[Result "1/2-1/2"]
[WhiteElo "2075"]
[BlackElo "2015"]
[PlyCount "38"]
[EventDate "2005.01.15"]
[SourceDate "2004.09.21"]

1. e4 e5 2. Bc4 Nc6 3. Nc3 Bc5 4. Qg4 Bf8 5. Qg3 Nf6 6. d3 d6 7. f4 Nh5 8. Qf2
Nxf4 9. Bxf4 exf4 10. Qxf4 Be6 11. Nf3 Bxc4 12. dxc4 f6 13. O-O-O Ne5 14. Rhf1
Qd7 15. Nxe5 fxe5 16. Qg5 Rg8 17. Nd5 Be7 18. Qe3 Rf8 19. h3 h6 1/2-1/2

[Event "4NCL/Div4a/GLOSG vs. OXF2"]
[Site "Telford ENG"]
[Date "2005.01.15"]
[Round "3.6"]
[White "Ludbrook, Matt"]
[Black "Ponter, Ian"]
[Result "1-0"]
[WhiteElo "2039"]
[BlackElo "2047"]
[PlyCount "159"]
[EventDate "2005.01.15"]
[SourceDate "2004.09.21"]

1. e4 e5 2. Nf3 Nc6 3. Bb5 a6 4. Ba4 Nf6 5. O-O b5 6. Bb3 Bb7 7. Re1 Bc5 8. c3
d6 9. d4 Bb6 10. h3 h6 11. a4 O-O 12. Na3 exd4 13. cxd4 Na5 14. e5 Nxb3 15.
Qxb3 dxe5 16. dxe5 Ne4 17. Be3 Bxe3 18. Qxe3 bxa4 19. Nc4 Ng5 20. Nxg5 hxg5 21.
Na5 Qd5 22. Nxb7 Qxb7 23. Re2 Rae8 24. Rxa4 Re6 25. Rc4 Rfe8 26. Qc3 Qb5 27.
Re3 c6 28. Rc5 Qa4 29. g3 Qd1+ 30. Kg2 Qd7 31. Qa3 Qe7 32. Rec3 Qb7 33. Re3 g6
34. Qc3 Kg7 35. Kg1 Rh8 36. Kg2 Qc8 37. g4 Rd8 38. Re1 Rd7 39. Rc1 Rc7 40. Rc2
Qb8 41. Qc4 Rb7 42. Rxc6 Rb4 43. Qxa6 Qxe5 44. Rxe6 fxe6 45. Qe2 Re4 46. Qf3
Rf4 47. Qb7+ Kf6 48. Rc8 Qe4+ 49. Qxe4 Rxe4 50. Rb8 Re2 51. b4 Rb2 52. b5 Kg7
53. b6 Rb3 54. b7 Kh7 55. Re8 Rxb7 56. Rxe6 Kg7 57. Kf3 Kf7 58. Re3 Kf6 59. Kg3
Rb4 60. Kf3 Rb2 61. Kg3 Rb4 62. Ra3 Rb6 63. h4 Rc6 64. Rf3+ Kg7 65. hxg5 Rc1
66. Rb3 Rc7 67. f4 Rc1 68. Rb7+ Kg8 69. f5 Rc3+ 70. Kh4 Rc1 71. Rb6 gxf5 72.
gxf5 Rc5 73. Kg4 Rc4+ 74. Kh5 Rc7 75. f6 Rh7+ 76. Kg6 Rg7+ 77. Kf5 Ra7 78. Rb8+
Kh7 79. g6+ Kh6 80. Rh8+ 1-0

[Event "4NCL/Div4a/GUI4 vs. NOTT"]
[Site "Telford ENG"]
[Date "2005.01.15"]
[Round "3.1"]
[White "Shepley, Julien M"]
[Black "Barnes, Michael H"]
[Result "1/2-1/2"]
[WhiteElo "2114"]
[BlackElo "2254"]
[PlyCount "69"]
[EventDate "2005.01.15"]
[SourceDate "2004.09.21"]

1. d4 g6 2. Nc3 Bg7 3. e4 c5 4. Nge2 cxd4 5. Nxd4 Nc6 6. Be3 Nf6 7. Be2 O-O 8.
Qd2 d5 9. exd5 Nxd5 10. Nxd5 Qxd5 11. Nxc6 Qxd2+ 12. Bxd2 bxc6 13. O-O-O Be6
14. b3 Bd5 15. f3 f5 16. c4 Be6 17. f4 Bd4 18. Bf3 Rac8 19. Rhe1 Kf7 20. Kc2
Rfd8 21. Bc3 Bxc3 22. Kxc3 Rxd1 23. Rxd1 c5 24. Bd5 Kf6 25. Bxe6 Kxe6 26. Rd5
h6 27. Kd3 g5 28. Ke3 Rc7 29. g4 gxf4+ 30. Kxf4 fxg4 31. Kxg4 Kf6 32. Rh5 Kg6
33. Re5 Kf6 34. Rh5 Kg6 35. Re5 1/2-1/2

[Event "4NCL/Div4a/GUI4 vs. NOTT"]
[Site "Telford ENG"]
[Date "2005.01.15"]
[Round "3.3"]
[White "Hill, David F"]
[Black "Truman, Richard G"]
[Result "1/2-1/2"]
[WhiteElo "2071"]
[BlackElo "2019"]
[PlyCount "59"]
[EventDate "2005.01.15"]
[SourceDate "2004.09.21"]

1. Nf3 g6 2. c4 Bg7 3. g3 Nf6 4. Bg2 O-O 5. O-O d6 6. Nc3 c5 7. d4 Nc6 8. dxc5
dxc5 9. Be3 Qa5 10. Qa4 Ng4 11. Qxa5 Nxa5 12. Bxc5 Nxc4 13. h3 Nge5 14. Nxe5
Bxe5 15. Nd5 Bxb2 16. Rab1 Be6 17. Bxe7 Rfc8 18. Bg5 Rc5 19. Rfd1 Rb8 20. Bf4
Be5 21. Nf6+ Kg7 22. Nd7 Bxd7 23. Bxe5+ Nxe5 24. f4 Ba4 25. Rd4 Bc2 26. Rc1 Nc6
27. Rd2 Re8 28. Bxc6 Rxc6 29. Rcxc2 Rxc2 30. Rxc2 1/2-1/2

[Event "4NCL/Div4a/GUI4 vs. NOTT"]
[Site "Telford ENG"]
[Date "2005.01.15"]
[Round "3.4"]
[White "Walker, Andrew N"]
[Black "Smart, Michael R"]
[Result "1-0"]
[WhiteElo "2075"]
[BlackElo "2070"]
[PlyCount "79"]
[EventDate "2005.01.15"]
[SourceDate "2004.09.21"]

1. e4 Nf6 2. e5 Nd5 3. d4 d6 4. Nf3 Bg4 5. Be2 c6 6. O-O e6 7. c4 Ne7 8. Nc3
Bxf3 9. exd6 Bxe2 10. dxe7 Bxe7 11. Nxe2 O-O 12. Qb3 b6 13. Bf4 Nd7 14. Rad1 a5
15. Qg3 Re8 16. Nc3 Rc8 17. Ne4 Nf6 18. Be5 Rf8 19. d5 exd5 20. cxd5 cxd5 21.
Rxd5 Qxd5 22. Bxf6 g6 23. Qh4 Qxe4 24. Qxe4 Bxf6 25. b4 Rfe8 26. Qb1 Re2 27.
bxa5 bxa5 28. Qb6 Kg7 29. Qxa5 Rcc2 30. Qb4 Rxa2 31. g3 Rad2 32. Kg2 Bd4 33.
Kf3 Bxf2 34. Qc4 Re3+ 35. Kg4 f5+ 36. Kh3 Ree2 37. Rd1 g5 38. Qc3+ Bd4 39. Qxd2
g4+ 40. Kh4 1-0

[Event "4NCL/Div4a/GUI4 vs. NOTT"]
[Site "Telford ENG"]
[Date "2005.01.15"]
[Round "3.5"]
[White "Bryant, Richard"]
[Black "Webster, Richard J"]
[Result "1/2-1/2"]
[WhiteElo "1933"]
[BlackElo "1968"]
[PlyCount "111"]
[EventDate "2005.01.15"]
[SourceDate "2004.09.21"]

1. e4 e6 2. d4 d5 3. Nd2 c5 4. exd5 Qxd5 5. Ngf3 cxd4 6. Bc4 Qd6 7. O-O Nf6 8.
Nb3 Nc6 9. Nbxd4 Nxd4 10. Qxd4 Bd7 11. Bf4 Qxd4 12. Nxd4 a6 13. Rfe1 Be7 14.
Rad1 O-O 15. Nf3 Rfd8 16. Ne5 Be8 17. c3 Rxd1 18. Rxd1 Rd8 19. Be2 Nd5 20. Bg3
f6 21. Nf3 e5 22. Kf1 Nb6 23. Ke1 Na4 24. Nd2 Bg6 25. Nc4 b5 26. Ne3 Nxb2 27.
Rxd8+ Bxd8 28. Kd2 Ba5 29. a3 Na4 30. Nd5 Be4 31. Nb4 Bxg2 32. c4 bxc4 33.
Bxc4+ Kf8 34. Bxa6 Nc5 35. Bb5 Ke7 36. Ke3 Bb7 37. Nc6+ Bxc6 38. Bxc6 Kd6 39.
Bg2 g5 40. h4 h6 41. hxg5 fxg5 42. Bf3 Bc3 43. Bd1 Bb2 44. a4 Bc3 45. f3 Kd5
46. Ke2 Kc4 47. Bf2 Ne6 48. Be3 h5 49. Kf1 h4 50. Kg2 Ba5 51. Bc2 Bd8 52. Bf5
Nd4 53. Bd7 Kd3 54. Bc1 Kc2 55. Be3 Kb3 56. a5 1/2-1/2

[Event "4NCL/Div4a/GUI4 vs. NOTT"]
[Site "Telford ENG"]
[Date "2005.01.15"]
[Round "3.6"]
[White "Wright, Antony J"]
[Black "Chai, Wei Koong"]
[Result "1/2-1/2"]
[WhiteElo "1990"]
[BlackElo "1835"]
[PlyCount "83"]
[EventDate "2005.01.15"]
[SourceDate "2004.09.21"]

1. d4 d5 2. Nf3 Nf6 3. Bg5 Nbd7 4. e3 e6 5. Be2 c5 6. O-O Be7 7. Nbd2 O-O 8. c3
Qc7 9. Bf4 Bd6 10. Bxd6 Qxd6 11. Qc2 e5 12. h3 cxd4 13. cxd4 e4 14. Nh2 Re8 15.
Rfc1 Nf8 16. Qc7 Qxc7 17. Rxc7 Ne6 18. Rc3 a6 19. Nb3 Bd7 20. Nc5 Nxc5 21. Rxc5
Rac8 22. Rac1 Rxc5 23. Rxc5 Rc8 24. b4 Kf8 25. Ng4 Rxc5 26. bxc5 Nxg4 27. hxg4
Ke7 28. f3 f5 29. gxf5 Bxf5 30. Kf2 Be6 31. Kg3 g5 32. a4 a5 33. fxe4 dxe4 34.
Bb5 h5 35. Kf2 Bd5 36. Be2 Bf7 37. g3 g4 38. Bb5 Bd5 39. Ke2 Bc6 40. Bxc6 bxc6
41. Kd2 Ke6 42. Ke2 1/2-1/2

[Event "4NCL/Div4a/HKF3 vs. CONQ"]
[Site "Telford ENG"]
[Date "2005.01.15"]
[Round "3.1"]
[White "Giles, Benjamin"]
[Black "Osborne, Marcus E"]
[Result "0-1"]
[WhiteElo "2074"]
[BlackElo "2178"]
[PlyCount "60"]
[EventDate "2005.01.15"]
[SourceDate "2004.09.21"]

1. d4 Nf6 2. c4 g6 3. Nc3 Bg7 4. e4 d6 5. f4 O-O 6. Nf3 c5 7. d5 e6 8. Be2 exd5
9. cxd5 Nbd7 10. O-O Re8 11. Qc2 Qe7 12. Nb5 Nxd5 13. Bc4 Nb4 14. Qb3 Nb6 15.
Nxd6 Qxd6 16. Bxf7+ Kh8 17. Bxe8 Be6 18. e5 Qe7 19. Qc3 N6d5 20. Qd2 Rxe8 21.
Ng5 Bf5 22. a3 Nd3 23. g4 N5xf4 24. gxf5 Qxg5+ 25. Kh1 Rxe5 26. Ra2 Qd8 27.
Rxf4 Qd5+ 28. Kg1 Re1+ 29. Rf1 Rxf1+ 30. Kxf1 Qf3+ 0-1

[Event "4NCL/Div4a/HKF3 vs. CONQ"]
[Site "Telford ENG"]
[Date "2005.01.15"]
[Round "3.2"]
[White "Wilson, Peter J B"]
[Black "Parmar, Amisha"]
[Result "0-1"]
[WhiteElo "2123"]
[BlackElo "1890"]
[PlyCount "56"]
[EventDate "2005.01.15"]
[SourceDate "2004.09.21"]

1. e4 c5 2. Nf3 d6 3. Bc4 Nc6 4. d4 cxd4 5. Nxd4 Bd7 6. Nc3 Nf6 7. f3 g6 8. Be3
Bg7 9. Qd2 O-O 10. O-O-O Rb8 11. Bb3 Na5 12. Bh6 b5 13. g4 Nc4 14. Qg5 Qb6 15.
h4 a5 16. h5 Nxe4 17. Nxe4 Bxd4 18. hxg6 Be3+ 19. Kb1 Bxg5 20. Bxg5 fxg6 21.
Bxe7 a4 22. Bxc4+ bxc4 23. b3 axb3 24. cxb3 Rxf3 25. Rxd6 Rxb3+ 26. axb3 Qxb3+
27. Kc1 Qb2+ 28. Kd1 Bxg4+ 0-1

[Event "4NCL/Div4a/HKF3 vs. CONQ"]
[Site "Telford ENG"]
[Date "2005.01.15"]
[Round "3.3"]
[White "Dale, Hannah"]
[Black "Prizant, Michael"]
[Result "0-1"]
[WhiteElo "1875"]
[BlackElo "2125"]
[PlyCount "86"]
[EventDate "2005.01.15"]
[SourceDate "2004.09.21"]

1. c4 e6 2. Nc3 d5 3. d4 c5 4. e3 Nf6 5. Nf3 Nc6 6. Be2 Bd6 7. O-O O-O 8. b3
Re8 9. Bb2 cxd4 10. Nxd4 Nxd4 11. Qxd4 e5 12. Qd1 dxc4 13. Bxc4 a6 14. Qc2 e4
15. Ne2 b5 16. Bxf6 Qxf6 17. Bd5 Qe5 18. Nf4 Ra7 19. h4 h6 20. h5 Bg4 21. Qxe4
Qxe4 22. Bxe4 Bxf4 23. exf4 Rxe4 24. f3 Rxf4 25. fxg4 Rxg4 26. Kf2 Rg5 27. Rh1
Rc7 28. Rh2 Rcc5 29. Re1 Rc2+ 30. Re2 Rgc5 31. a3 Rxe2+ 32. Kxe2 Rc3 33. Rh3
Rxh3 34. gxh3 Kf8 35. Ke3 Ke7 36. h4 Kd6 37. Kd4 f5 38. b4 Ke6 39. Ke3 Ke5 40.
Kf3 f4 41. Kf2 Ke4 42. Ke2 f3+ 43. Kf2 Kf4 0-1

[Event "4NCL/Div4a/HKF3 vs. CONQ"]
[Site "Telford ENG"]
[Date "2005.01.15"]
[Round "3.4"]
[White "Jackson, Paul G"]
[Black "Dale, Robert"]
[Result "1-0"]
[WhiteElo "1950"]
[BlackElo "1895"]
[PlyCount "75"]
[EventDate "2005.01.15"]
[SourceDate "2004.09.21"]

1. d4 Nf6 2. c4 e6 3. Nc3 d5 4. cxd5 exd5 5. Bg5 Be7 6. Qc2 O-O 7. e3 c6 8. Bd3
h6 9. Bf4 Nbd7 10. h3 c5 11. Nf3 a6 12. a4 b6 13. O-O Bb7 14. Rad1 cxd4 15.
Nxd4 Nc5 16. Be2 Rc8 17. Qb1 Bd6 18. Bxd6 Qxd6 19. Bf3 Qe5 20. Qf5 Rfe8 21.
Qxe5 Rxe5 22. g3 Nce4 23. Nde2 Re7 24. Bg2 Rec7 25. Rd4 Nxc3 26. Nxc3 Rc4 27.
Rfd1 Rxd4 28. Rxd4 Bc6 29. Kf1 b5 30. axb5 Bxb5+ 31. Ke1 Bc4 32. Kd2 Rb8 33.
Kc1 Rc8 34. Kb1 Rc5 35. Kc2 Bb5 36. Kd2 Bc6 37. b4 Rc4 38. Rxc4 1-0

[Event "4NCL/Div4a/HKF3 vs. CONQ"]
[Site "Telford ENG"]
[Date "2005.01.15"]
[Round "3.5"]
[White "Foord, Dominic"]
[Black "Cork, David J"]
[Result "1-0"]
[WhiteElo "1805"]
[BlackElo "1885"]
[PlyCount "57"]
[EventDate "2005.01.15"]
[SourceDate "2004.09.21"]

1. e4 c5 2. Nc3 Nc6 3. f4 e6 4. Nf3 g6 5. Bc4 Bg7 6. O-O Nge7 7. Qe1 O-O 8. d3
d5 9. Bb3 dxe4 10. dxe4 Nd4 11. Nxd4 Bxd4+ 12. Kh1 a6 13. Nd1 b5 14. c3 c4 15.
Bc2 Bg7 16. Ne3 Bb7 17. f5 exf5 18. exf5 Nd5 19. Ng4 Re8 20. Qf2 Nf6 21. fxg6
hxg6 22. Bg5 Qd5 23. Bxf6 Re6 24. Bxg7 Kxg7 25. Qxf7+ Kh8 26. Qf3 Qd7 27. Qh3+
Qh7 28. Qxh7+ Kxh7 29. Rf7+ 1-0

[Event "4NCL/Div4a/HKF3 vs. CONQ"]
[Site "Telford ENG"]
[Date "2005.01.15"]
[Round "3.6"]
[White "Foster, James C"]
[Black "Parmar, Jyoti"]
[Result "1-0"]
[WhiteElo "1835"]
[BlackElo "1565"]
[PlyCount "37"]
[EventDate "2005.01.15"]
[SourceDate "2004.09.21"]

1. e4 c5 2. d4 cxd4 3. c3 Nf6 4. e5 Nd5 5. Qxd4 e6 6. Nf3 Nc6 7. Qe4 Qc7 8.
Nbd2 g6 9. g3 Bg7 10. Nc4 O-O 11. Bf4 Rd8 12. O-O-O b5 13. Nd6 Ba6 14. Rxd5
exd5 15. Qxd5 Rf8 16. Ng5 Rab8 17. Ndxf7 Rb6 18. Nh6+ Kh8 19. Qg8+ 1-0

[Event "4NCL/Div4a/SXM vs. CHED"]
[Site "Telford ENG"]
[Date "2005.01.15"]
[Round "3.1"]
[White "Prescott, Adam"]
[Black "Smith, Alan A"]
[Result "0-1"]
[WhiteElo "1935"]
[BlackElo "2272"]
[PlyCount "60"]
[EventDate "2005.01.15"]
[SourceDate "2004.09.21"]

1. e4 c5 2. Nc3 Nc6 3. g3 g6 4. Bg2 Bg7 5. d3 b6 6. Be3 Bb7 7. Qd2 d6 8. f4 Qd7
9. Nf3 Nf6 10. d4 cxd4 11. Nxd4 O-O 12. O-O-O Na5 13. Qe2 Rfc8 14. Nb3 Nc4 15.
Bd4 Qc7 16. Qd3 e5 17. fxe5 dxe5 18. Bf2 Ng4 19. Rdf1 Rd8 20. Qf3 f5 21. Qe2
Nf6 22. Rd1 Nd6 23. Nd2 Rac8 24. Kb1 b5 25. Rc1 b4 26. Na4 Ndxe4 27. Nxe4 Bxe4
28. Bxe4 Nxe4 29. Be3 Qc6 30. b3 Qxa4 0-1

[Event "4NCL/Div4a/SXM vs. CHED"]
[Site "Telford ENG"]
[Date "2005.01.15"]
[Round "3.2"]
[White "Richardson, Alex"]
[Black "Fraser, Joe"]
[Result "1/2-1/2"]
[WhiteElo "2119"]
[BlackElo "1908"]
[PlyCount "58"]
[EventDate "2005.01.15"]
[SourceDate "2004.09.21"]

1. c4 e5 2. g3 Nc6 3. Bg2 g6 4. Nc3 Bg7 5. d3 d6 6. Nf3 f5 7. O-O Nf6 8. Rb1
O-O 9. b4 h6 10. b5 Ne7 11. c5 Be6 12. Qc2 g5 13. e3 f4 14. exf4 gxf4 15. gxf4
exf4 16. Re1 Bf5 17. cxd6 cxd6 18. Bb2 Qd7 19. Qb3+ Kh8 20. Ne4 Bh3 21. Nh4 Qg4
22. Nxf6 Bxf6 23. Rxe7 Bxg2 24. Qe6 Qxh4 25. Bxf6+ Rxf6 26. Re8+ Rxe8 27. Qxe8+
Kh7 28. Qe7+ Kh8 29. Qe8+ Kh7 1/2-1/2